| 000 | 03530nam2a22002651 4500 | ||
|---|---|---|---|
| 001 | RU\NLR\IC100\5000003230 | ||
| 005 | 20250617040404.0 | ||
| 035 | _a(NLR Aleph) 002433088 | ||
| 090 |
_a2012387 _c2012386 |
||
| 100 | _a20050203d1956 |||y0rusy50 ca | ||
| 101 | 0 | _arus | |
| 102 | _aRU | ||
| 105 | _ay ||||000|y | ||
| 200 | 0 | _a17 | |
| 210 |
_d1956 _aБ. м. |
||
| 225 | 1 |
_a... _v17 _i... _v[1955] |
|
| 461 | 0 |
_1001RU\NLR\INFOCOMM6\5000076399 _12001#$aИ[нформационное] п[исьмо]$fМ-во тяжелого машиностроения СССР. Центр. науч.-исслед. и проектно-конструкторский котлотурбинный ин-т им. И.И. Ползунова. Моск. отд-ние по прямоточному котлостроению, автоматике и энергооборудованию$v17 _91954893 _aЦентральный научно-исследовательский котлотурбинный институт им. И.И. Ползунова (Ленинград). Московское отделение по прямоточному котлостроению, автоматике и энергооборудованию _cМ. _d1949-1960 _fМ-во тяжелого машиностроения СССР. Центр. науч.-исслед. и проектно-конструкторский котлотурбинный ин-т им. И.И. Ползунова. Моск. отд-ние по прямоточному котлостроению, автоматике и энергооборудованию _nМашгиз _tИ[нформационное] п[исьмо] _v17 |
|
| 462 | 0 |
_1001RU\NLR\IC100\5000003221 _12001#$aСборник аннотаций научно-исследовательских и проектно-конструкторских работ ...$fГос. ком. тяжелого, энерг. и трансп. машиностроения при Госплане СССР. Центр. науч.-исслед. и проектно-конструкторский котлотурбинный ин-т им. И.И. Ползунова. Моск. отд-ние по прямоточному котлостроению, автоматике и энергооборудованию. ЦБНТИ по машиностроению$v[1955] _92012307 _aЦентральный научно-исследовательский котлотурбинный институт им. И.И. Ползунова (Ленинград). Московское отделение по прямоточному котлостроению, автоматике и энергооборудованию _cМ. _d1949-1966 _fГос. ком. тяжелого, энерг. и трансп. машиностроения при Госплане СССР. Центр. науч.-исслед. и проектно-конструкторский котлотурбинный ин-т им. И.И. Ползунова. Моск. отд-ние по прямоточному котлостроению, автоматике и энергооборудованию. ЦБНТИ по машиностроению _tИ[нформационное] п[исьмо]. - Сборник аннотаций научно-исследовательских и проектно-конструкторских работ ... _v[1955] |
|
| 801 | 1 |
_aRU _bInfoComm _c20050203 |
|
| 801 | 0 |
_aRU _bNLR _gPSBO |
|
| 852 |
_aNLR _jП10/927 |
||
| 942 | _cISSUE | ||
| 980 | _aNB | ||
| 980 | _aRUSPER | ||